Every WWE World Heavyweight Champion - Statistics

General Stats
  • This quiz has been taken 56 times
  • The average score is 20 of 25
Answer Stats
No. of reigns Combined Number of days Champion % Correct
x3 155 days John Cena
100%
x4 135 days Randy Orton
98%
x3 210 days The Undertaker
96%
x5 616 days Triple H
96%
x7 411 days Edge
90%
x1 154 days Kane
90%
x2 73 days Big Show
85%
x3 160 days CM Punk
85%
x2 140 days Rey Mysterio
85%
x1 28 days Shawn Michaels
83%
x4 507 days Batista
81%
x3 109 days Chris Jericho
81%
x1 154 days Chris Benoit
79%
x1 105 days Daniel Bryan
77%
x2 224 days Alberto Del Rio
75%
x2 28 days Jeff Hardy
75%
x1 92 days Mark Henry
75%
x2 33 days Christian
73%
x1 126 days King Booker
69%
x1 82 days Kurt Angle
69%
x2 70 days Dolph Ziggler
67%
x1 211 days Sheamus
67%
x1 79 days Jack Swagger
65%
x1 61 days The Great Khali
65%
x1 84 days Goldberg
60%
No matching quizzes found
Score Distribution
Percent of People with Each Score
Percentile by Number Answered
Your Score History
You have not taken this quiz